Исследования теплофизических свойств веществ в условиях электронного нагрева

Бібліографічні деталі
Автор: Пелецкий В. Э. Владислав Эдуардович
Співавтор: Академия наук СССР (АН СССР) Институт высоких температур (ИВТ)
Мова:Російська
Опубліковано: Москва, Наука, 1983
Предмети:
Формат: Книга
KOHA link:https://koha.lib.tpu.ru/cgi-bin/koha/opac-detail.pl?biblionumber=40355

MARC

LEADER 00000nam0a2200000 4500
001 40355
005 20231031012624.0
035 |a (RuTPU)RU\TPU\book\41401 
090 |a 40355 
100 |a 20020514d1983 k y0rusy50 ca 
101 0 |a rus 
102 |a RU 
105 |a a z 001zy 
200 1 |a Исследования теплофизических свойств веществ в условиях электронного нагрева  |f В. Э. Пелецкий  |g Академия наук СССР (АН СССР), Институт высоких температур (ИВТ) 
210 |a Москва  |c Наука  |d 1983 
215 |a 92 с.  |c ил. 
320 |a Библиогр.: с. 90-92. 
610 1 |a физика 
610 1 |a теплофизические свойства 
610 1 |a вещества 
610 1 |a электронный нагрев 
610 1 |a калорические измерения 
675 |a 526.45  |v 3 
700 1 |a Пелецкий  |b В. Э.  |g Владислав Эдуардович 
712 0 2 |a Академия наук СССР (АН СССР)  |b Институт высоких температур (ИВТ)  |c (Москва)  |2 stltpush  |3 (RuTPU)RU\TPU\col\12055 
801 1 |a RU  |b 63413507  |c 20020514  |g PSBO 
801 2 |a RU  |b 63413507  |c 20140516  |g PSBO 
942 |c BK